Аппроксимация зависимостей индукции от геометрических параметров магнитной цепи; Неразрушающий контроль: электронное приборостроение, технологии, безопасность; Т. 2

Bibliographic Details
Parent link:Неразрушающий контроль: электронное приборостроение, технологии, безопасность: сборник трудов IV Всероссийской научно-практической конференции студентов, аспирантов и молодых учёных, Томск, 26-30 мая 2014 г./ Национальный исследовательский Томский политехнический университет (ТПУ).— , 2014
Т. 2.— 2014.— [С. 26-29]
Main Author: Зыль К. А.
Corporate Author: Национальный исследовательский Томский политехнический университет
Other Authors: Иванова А. Г. Антонина Геннадьевна (научный руководитель)
Summary:Заглавие с титульного листа.
Language:Russian
Published: 2014
Series:Проблемы космического приборостроения
Subjects:
Online Access:http://www.lib.tpu.ru/fulltext/c/2014/C36/V2/007.pdf
Format: Electronic Book Chapter
KOHA link:https://koha.lib.tpu.ru/cgi-bin/koha/opac-detail.pl?biblionumber=609336

MARC

LEADER 00000naa2a2200000 4500
001 609336
005 20251128153357.0
035 |a (RuTPU)RU\TPU\conf\6783 
035 |a RU\TPU\conf\6782 
090 |a 609336 
100 |a 20141107d2014 k y0rusy50 ca 
101 0 |a rus 
102 |a RU 
105 |a y z 101zy 
135 |a drcn ---uucaa 
181 0 |a i  
182 0 |a b 
200 1 |a Аппроксимация зависимостей индукции от геометрических параметров магнитной цепи  |f К. А. Зыль  |g науч. рук. А. Г. Иванова 
203 |a Текст  |c электронный 
215 |a 1 файл (515 Кб) 
225 1 |a Проблемы космического приборостроения 
300 |a Заглавие с титульного листа. 
320 |a [Библиогр.: с. 29 (5 назв.)] 
337 |a Adobe Reader 
461 1 |0 (RuTPU)RU\TPU\conf\6241  |t Неразрушающий контроль: электронное приборостроение, технологии, безопасность  |o сборник трудов IV Всероссийской научно-практической конференции студентов, аспирантов и молодых учёных, Томск, 26-30 мая 2014 г.  |o в 2 т.  |f Национальный исследовательский Томский политехнический университет (ТПУ)  |d 2014 
463 1 |0 (RuTPU)RU\TPU\conf\6244  |t Т. 2  |v [С. 26-29]  |d 2014 
610 1 |a труды учёных ТПУ 
610 1 |a электронный ресурс 
610 1 |a аппроксимация 
610 1 |a магнитные цепи 
610 1 |a моментные двигатели 
610 1 |a численное моделирование 
610 1 |a магнитопроводы 
700 1 |a Зыль  |b К. А. 
702 1 |a Иванова  |b А. Г.  |c специалист в области точного приборостроения  |c инженер Томского политехнического университета  |f 1989-  |g Антонина Геннадьевна  |4 727 
712 0 2 |a Национальный исследовательский Томский политехнический университет  |c (2009- )  |9 26305 
801 1 |a RU  |b 63413507  |c 20090623  |g PSBO 
801 2 |a RU  |b 63413507  |c 20141120  |g PSBO 
856 4 |u http://www.lib.tpu.ru/fulltext/c/2014/C36/V2/007.pdf 
942 |c BK